Welche Länder liegen in Asien? - Statistiken

Allgemein
  • Dieses Quiz wurde 142 mal gespielt
  • Das Durchschnittsergebnis liegt bei 13 aus 16
Answers on the Grid
Answers color-coded by a green-red scale on the quiz's grid according to % correct below.
China
Japan
Gambia
Bolivien
Ägypten
Chile
Turkmenistan
Bulgarien
Kasachstan
Brunei
Libanon
Libyen
Indonesien
Peru
Ukraine
Laos
Kambodscha
Indien
Litauen
Estland
Nepal
Bhutan
Osttimor
Algerien
Iran
Sudan
Oman
Kuwait
Panama
Paraguay
 
Antwortstatistiken
Antwort % Korrekt
China
100%
Japan
97%
Turkmenistan
88%
Nepal
87%
Indonesien
86%
Kasachstan
86%
Indien
85%
Kambodscha
85%
Bhutan
83%
Laos
83%
Osttimor
79%
Brunei
78%
Iran
77%
Libanon
77%
Kuwait
75%
Oman
74%
Keine übereinstimmenden Quizze gefunden
Verteilung der Resultate
Anzahl Personen mit jedem Resultat
Perzentil nach korrekt beantworteten Fragen
Ihre Resultats-Entwicklung
Sie haben dieses Quiz noch nicht gespielt